[Event "AUT-chT2M 2324"]
[Site "Austria"]
[Date "2023.12.02"]
[Round "4.5"]
[White "Obermayr, Hermann"]
[Black "Meyer, Paul"]
[Result "1-0"]
[WhiteElo "2081"]
[BlackElo "2063"]
[PlyCount "145"]
[EventDate "2023.11.03"]
[EventType "team-tourn"]
[EventRounds "11"]
[EventCountry "AUT"]
[SourceTitle "CB16_2024"]
[SourceDate "2024.04.17"]
[SourceVersion "1"]
[SourceVersionDate "2024.04.17"]
[SourceQuality "1"]
[WhiteTeam "Grieskirchen"]
[BlackTeam "St Veit/Glan"]
[WhiteTeamCountry "AUT"]
[BlackTeamCountry "AUT"]

1. d4 Nf6 2. c4 e6 3. Nc3 c5 4. d5 exd5 5. cxd5 d6 6. Nf3 g6 7. Bf4 a6 8. a4 Bg7 9. h3 0-0 10. e3 Qe7 11. Be2 Nh5 12. Bh2 f5 13. 0-0 f4 14. Qd2 Bh6 15. e4 Nd7 16. Rfe1 b6 17. e5 dxe5 18. d6 Qf7 19. Bd3 Qg7 20. Bc4+ Kh8 21. Qd5 Ra7 22. Nxe5 Nxe5 23. Qxe5 Qxe5 24. Rxe5 Bg7 25. Re7 Rxe7 26. dxe7 Re8 27. Rd1 Bd4 28. Re1 Bxc3 29. bxc3 Kg7 30. Kf1 Kf6 31. Rb1 Kxe7 32. Be2 Nf6 33. Bxf4 Nd5 34. Bg5+ Kf8 35. Bh6+ Ke7 36. Bd2 Bf5 37. Re1 Kf6 38. Bxa6 Rd8 39. h4 Rd7 40. Bb5 Ra7 41. Bg5+ Kg7 42. Bd2 h6 43. f3 Bc2 44. Bc6 Ne7 45. Bb5 Nf5 46. Bf4 Bxa4 47. Be5+ Kh7 48. Bc4 Nxh4 49. Kf2 Nf5 50. Ra1 Ra5 51. Bc7 Bc2 52. Rxa5 bxa5 53. Bxa5 Nd6 54. Bd5 Bd3 55. Ke3 Bf1 56. Kf2 Bd3 57. Bc7 Nb5 58. Be5 c4 59. Ke3 Bf1 60. Kf2 Bd3 61. Ke3 Bf1 62. g3 g5 63. Be4+ Kg8 64. Bc6 Na3 65. Be4 Kf7 66. Kf2 Bd3 67. Bd5+ Ke7 68. g4 Bg6 69. Bd4 Kd6 70. Be4 Bf7 71. Bg7 h5 72. gxh5 Bxh5 73. Bf8+ 1-0

[Event "AUT-chT2S 9798"]
[Site "Austria"]
[Date "1998.03.15"]
[Round "11"]
[White "Meyer, Paul"]
[Black "Wegerer, Fred"]
[Result "1/2-1/2"]
[WhiteElo "2245"]
[BlackElo "2235"]
[PlyCount "89"]
[EventDate "1997.??.??"]
[EventType "team"]
[EventRounds "11"]
[EventCountry "AUT"]
[SourceTitle "EXT 1999"]
[Source "ChessBase"]
[SourceDate "1998.11.16"]
[SourceVersion "1"]
[SourceVersionDate "1998.11.16"]
[SourceQuality "1"]

1. e4 c5 2. Nc3 Nc6 3. f4 e6 4. Nf3 Be7 5. d4 cxd4 6. Nxd4 d6 7. Be3 Nf6 8. Qf3 e5 9. Nxc6 bxc6 10. f5 Qa5 11. 0-0-0 Rb8 12. Bc4 d5 13. exd5 Ba3 14. bxa3 Qxc3 15. Bxa7 Qxf3 16. gxf3 Ra8 17. Bc5 cxd5 18. Rhe1 Bxf5 19. Rxe5+ Be6 20. Bxd5 Nxd5 21. Rdxd5 g6 22. Rd3 Ra6 23. Kb2 h5 24. h4 f6 25. Re4 Kf7 26. Rb4 g5 27. Bf2 Rc8 28. Be1 Bf5 29. Rc3 Re8 30. Rc7+ Kg6 31. Bg3 Ree6 32. Rb3 Re2 33. Rb8 Rxc2+ 34. Rxc2 Bxc2 35. Kxc2 Rxa3 36. Kb2 Rxf3 37. Rb3 Rf5 38. a4 gxh4 39. Be1 Re5 40. Bd2 Re2 41. Kc2 Kf5 42. Rf3+ Kg4 43. Rxf6 h3 44. Rg6+ Kf3 45. Rf6+ 1/2-1/2

[Event "AUT-chT2S 9697"]
[Site "Austria"]
[Date "1996.??.??"]
[Round "5"]
[White "Meyer, Paul"]
[Black "Smole, Albert"]
[Result "1-0"]
[WhiteElo "2205"]
[BlackElo "2160"]
[PlyCount "63"]
[EventDate "1996.??.??"]
[EventType "team"]
[EventRounds "11"]
[EventCountry "AUT"]
[SourceTitle "EXT 1999"]
[Source "ChessBase"]
[SourceDate "1998.11.16"]
[SourceVersion "1"]
[SourceVersionDate "1998.11.16"]
[SourceQuality "1"]

1. d4 Nf6 2. c4 g6 3. Nc3 d5 4. Nf3 Bg7 5. cxd5 Nxd5 6. e4 Nxc3 7. bxc3 0-0 8. Be3 c5 9. Qd2 cxd4 10. cxd4 Nc6 11. Rc1 Bg4 12. d5 Bxf3 13. gxf3 Ne5 14. Be2 Nd7 15. 0-0 Nb6 16. Rfd1 Qd7 17. Qb4 Be5 18. f4 Bd6 19. Qb3 Rac8 20. e5 Rxc1 21. Rxc1 Bb8 22. Rd1 Qf5 23. Qb4 g5 24. Qxe7 gxf4 25. Bxb6 axb6 26. d6 f3 27. Bf1 Qc2 28. Rd3 Qc8 29. Qg5+ Kh8 30. Qf6+ Kg8 31. Rxf3 Qe6 32. Rg3+ 1-0

[Event "AUT-chT2S 9697"]
[Site "Austria"]
[Date "1996.??.??"]
[Round "1"]
[White "Moser, Eva"]
[Black "Meyer, Paul"]
[Result "1-0"]
[WhiteElo "2105"]
[BlackElo "2205"]
[PlyCount "69"]
[EventDate "1996.??.??"]
[EventType "team"]
[EventRounds "11"]
[EventCountry "AUT"]
[SourceTitle "EXT 1999"]
[Source "ChessBase"]
[SourceDate "1998.11.16"]
[SourceVersion "1"]
[SourceVersionDate "1998.11.16"]
[SourceQuality "1"]

1. e4 Nf6 2. e5 Nd5 3. d4 d6 4. c4 Nb6 5. exd6 exd6 6. h3 Be7 7. Nf3 0-0 8. Be2 c6 9. 0-0 d5 10. b3 Re8 11. Be3 Be6 12. Nbd2 a5 13. Rc1 Na6 14. Ne5 Ba3 15. Rc2 Nb4 16. c5 Bf5 17. Bd3 Nxd3 18. g4 Rxe5 19. gxf5 Rxe3 20. fxe3 Qg5+ 21. Kh2 Qxe3 22. Nb1 Bb4 23. Rf3 Qe1 24. Rxd3 Nd7 25. a3 Qxd1 26. Rxd1 Nf6 27. axb4 axb4 28. Re1 Ra1 29. Rce2 h5 30. Nd2 Ra2 31. Nf3 Ra3 32. Re8+ Nxe8 33. Rxe8+ Kh7 34. Ng5+ Kh6 35. Nxf7+ 1-0

[Event "AUT-chT2S 9596"]
[Site "Austria"]
[Date "1995.??.??"]
[Round "?"]
[White "Brod, Manfred"]
[Black "Meyer, Paul"]
[Result "1/2-1/2"]
[WhiteElo "2255"]
[BlackElo "2190"]
[PlyCount "22"]
[EventDate "1995.??.??"]
[EventType "team-tourn"]
[EventRounds "11"]
[EventCountry "AUT"]
[SourceTitle "EXT 1999"]
[Source "ChessBase"]
[SourceDate "1998.11.16"]
[SourceVersion "1"]
[SourceVersionDate "1998.11.16"]
[SourceQuality "1"]

1. e4 c5 2. Nf3 e6 3. d4 cxd4 4. Nxd4 Bc5 5. Nb3 Bb6 6. c4 Ne7 7. Nc3 0-0 8. c5 Bc7 9. Nb5 f5 10. Nxc7 Qxc7 11. Qd6 Qxd6 1/2-1/2

[Event "AUT-chT2S 9596"]
[Site "Austria"]
[Date "1995.??.??"]
[Round "?"]
[White "Meyer, Paul"]
[Black "Beck, Hartmuth"]
[Result "1/2-1/2"]
[WhiteElo "2190"]
[BlackElo "2300"]
[PlyCount "47"]
[EventDate "1995.??.??"]
[EventType "team-tourn"]
[EventRounds "11"]
[EventCountry "AUT"]
[SourceTitle "EXT 1999"]
[Source "ChessBase"]
[SourceDate "1998.11.16"]
[SourceVersion "1"]
[SourceVersionDate "1998.11.16"]
[SourceQuality "1"]

1. d4 Nf6 2. c4 e6 3. Nc3 Bb4 4. Qb3 c5 5. a3 Qa5 6. Bd2 Nc6 7. dxc5 0-0 8. Nf3 Bxc3 9. Qxc3 Qxc3 10. Bxc3 Ne4 11. Rc1 a5 12. Ne5 Nxc5 13. Nxc6 dxc6 14. Rd1 f6 15. Bd4 Nb3 16. Bb6 e5 17. e3 a4 18. Be2 Be6 19. Rd6 Kf7 20. 0-0 Rfe8 21. f3 Na5 22. Rc1 Ra6 23. c5 Rea8 24. Kf2 1/2-1/2

[Event "AUT-chT2S 9495"]
[Site "Austria"]
[Date "1995.??.??"]
[Round "11"]
[White "Meyer, Paul"]
[Black "Kotz, Heinz Peter"]
[Result "1-0"]
[WhiteElo "2235"]
[BlackElo "2260"]
[PlyCount "76"]
[EventDate "1994.??.??"]
[EventType "team"]
[EventRounds "11"]
[EventCountry "AUT"]
[SourceTitle "EXT 1998"]
[Source "ChessBase"]
[SourceDate "1997.11.17"]
[SourceVersion "1"]
[SourceVersionDate "1997.11.17"]
[SourceQuality "1"]

1. e4 e5 2. Bb5 Nf6 3. d4 Nxe4 4. Qe2 Nd6 5. Nc3 Be7 6. dxe5 Nxb5 7. Qxb5 0-0 8. Bf4 Bg5 9. Bg3 b6 10. f4 Bb7 11. Nf3 Be7 12. 0-0-0 Bc5 13. Qd3 h6 14. f5 Na6 15. f6 gxf6 16. Bf4 fxe5 17. Bxh6 Qf6 18. Bxf8 Bxf8 19. Qxd7 e4 20. Qg4+ Bg7 21. Nd4 Qg6 22. Qxg6 fxg6 23. Ne6 Be5 24. Nd8 Bc8 25. Nc6 Bf4+ 26. Kb1 Bb7 27. Ne7+ Kg7 28. Ned5 Bh6 29. Nxe4 Re8 30. Nec3 Nc5 31. Nxc7 Rc8 32. N7d5 Bg5 33. h4 Bd8 34. g4 b5 35. Nxb5 Ba6 36. Nbc3 Rb8 37. g5 Ba5 38. Rhe1 Bc4 1-0

[Event "AUT-chT2S 9596"]
[Site "Austria"]
[Date "1995.??.??"]
[Round "?"]
[White "Meyer, Paul"]
[Black "Smole, Albert"]
[Result "0-1"]
[WhiteElo "2190"]
[BlackElo "2205"]
[PlyCount "102"]
[EventDate "1995.??.??"]
[EventType "team-tourn"]
[EventRounds "11"]
[EventCountry "AUT"]
[SourceTitle "EXT 1999"]
[Source "ChessBase"]
[SourceDate "1998.11.16"]
[SourceVersion "1"]
[SourceVersionDate "1998.11.16"]
[SourceQuality "1"]

1. d4 Nf6 2. c4 g6 3. Nc3 d5 4. Nf3 Bg7 5. Bg5 Ne4 6. cxd5 Nxc3 7. bxc3 Qxd5 8. Qb3 Qxb3 9. axb3 c5 10. e3 Nc6 11. Bb5 Bd7 12. 0-0 h6 13. Bh4 a6 14. d5 Ne5 15. Bxd7+ Kxd7 16. Nd2 Rhc8 17. f4 Ng4 18. Nc4 Bxc3 19. Rac1 Bf6 20. Bxf6 Nxf6 21. Nb6+ Kd6 22. Rfd1 Ne4 23. Rc4 f5 24. g4 Rab8 25. Nxc8+ Rxc8 26. gxf5 gxf5 27. Rc2 Rg8+ 28. Kf1 a5 29. Rd3 Nf6 30. Rcd2 Ra8 31. Rg2 b5 32. Rg6 a4 33. bxa4 Rxa4 34. Rxh6 c4 35. Rd1 c3 36. Ke2 b4 37. Kd3 Kxd5 38. Kc2+ Kc5 39. Rh8 Ra2+ 40. Kd3 Nd5 41. Rc8+ Kb5 42. Rb8+ Nb6 43. h4 Rh2 44. h5 Kc5 45. Rh8 Na4 46. Rc8+ Kb5 47. Rb8+ Nb6 48. Rh8 Nd7 49. e4 Nc5+ 50. Ke3 c2 51. Rd5 c1Q+ 0-1

[Event "AUT-chT2S 9394"]
[Site "Austria"]
[Date "1994.??.??"]
[Round "?"]
[White "Meyer, Paul"]
[Black "Vombek, Danijel"]
[Result "0-1"]
[WhiteElo "2240"]
[BlackElo "2270"]
[PlyCount "108"]
[EventDate "1993.??.??"]
[EventType "team"]
[EventRounds "11"]
[EventCountry "AUT"]
[SourceTitle "EXT 1998"]
[Source "ChessBase"]
[SourceDate "1997.11.17"]
[SourceVersion "1"]
[SourceVersionDate "1997.11.17"]
[SourceQuality "1"]

1. e4 c5 2. g3 g6 3. Bg2 Bg7 4. f4 d6 5. Nf3 Nc6 6. c3 e5 7. d3 Nge7 8. 0-0 Bg4 9. h3 Bxf3 10. Qxf3 0-0 11. f5 f6 12. g4 Qd7 13. Be3 Rad8 14. Na3 b6 15. h4 d5 16. Rad1 Kh8 17. Bh3 d4 18. Bc1 gxf5 19. exf5 Nd5 20. Nb1 Rg8 21. Bg2 Nce7 22. Kh1 Ne3 23. Bxe3 dxe3 24. Qxe3 Nd5 25. Qg3 Bh6 26. g5 Bxg5 27. hxg5 Rxg5 28. Qh3 Rdg8 29. Rd2 Qf7 30. Bf3 Nf4 31. Qh6 Nh5 32. Kh2 e4 33. dxe4 Qc7+ 34. Kh1 Ng3+ 35. Kg2 Nxf5+ 36. Qxg5 Rxg5+ 37. Kf2 Qh2+ 38. Ke1 Qh4+ 39. Rdf2 Ng3 40. Nd2 Nxf1 41. Kxf1 Qg3 42. Nc4 Qf4 43. Ke2 Qc1 44. e5 b5 45. exf6 bxc4 46. Be4 Qxb2+ 47. Kf1 Qa1+ 48. Ke2 Qxa2+ 49. Kf3 Qxf2+ 50. Kxf2 h5 51. Kf3 a5 52. Bc2 Kg8 53. Kf4 Rg1 54. Ke5 h4 0-1